Normal view
MARC view
- Yuan Zhang
Entry Personal Name
001 - CONTROL NUMBER
- control field: 39355
003 - CONTROL NUMBER IDENTIFIER
- control field: IT-RoPau
005 - DATE AND TIME OF LATEST TRANSACTION
- control field: 20151126100833.0
008 - FIXED-LENGTH DATA ELEMENTS
- fixed length control field: 151126|| aca||aabn | a|a d
040 ## - CATALOGING SOURCE
- Original cataloging agency: IT-RoPau
- Transcribing agency: IT-RoPau
100 ## - HEADING--PERSONAL NAME
- Personal name: Yuan Zhang
- Miscellaneous information: Codice regista SPICS: 58927
670 ## - SOURCE DATA FOUND
- Source citation: Work cat.: (IT-RoPau)105081: Yuan Zhang Codice regista SPICS: 58927, GUERRA DEI FIORI ROSSI (LA) GUERRA DEI FIORI ROSSI (LA) (Rif. Codice opera principale : H7359)